Los derechos naturales

Wedi'i Gadw mewn:
Manylion Llyfryddiaeth
Prif Awdur: Marquiset, Jean (autor)
Fformat: Llyfr
Iaith:Sbaeneg
Cyhoeddwyd: Barcelona Oikos-Tau 1971
Cyfres:Que Sais-je?, 37
Pynciau:
Tagiau: Ychwanegu Tag
Dim Tagiau, Byddwch y cyntaf i dagio'r cofnod hwn!

MARC

LEADER 00000nam a2200000 a 4500
001 UCS9786
003 CL-VaPUC
008 971121e19710000SP |||||||||||||||||spa|d
082 0 4 |a 323.01  |b MAR  |2 21 
100 |a Marquiset, Jean  |e autor  |9 395093 
245 1 4 |a Los derechos naturales 
300 |a 123 p 
942 |c BK 
945 |d 19971121 00:00:00  |a cmena 
260 |a Barcelona  |b Oikos-Tau  |c 1971 
650 0 |a Derecho natural   |9 255041 
650 0 |a Derechos humanos  |9 223025 
650 0 |a Personalidad   |9 307255 
650 0 |a Libertad  |9 255686 
650 0 |a Justicia   |9 255408 
650 0 |a Libertad individual  |9 352859 
583 |a last modification  |c 19971121 00:00:00  |k Rodrigo Vera 
490 0 |a Que Sais-je?, 37 
999 |c 263545  |d 263543 
952 |0 0  |1 0  |4 0  |6 323_010000000000000_MAR_1971  |7 0  |8 DER_TF  |9 292878  |a BIBDER  |b BIBDER  |d 2019-11-19  |i 1906690  |o 323.01 MAR 1971  |p 1906690  |r 2023-01-25  |w 2019-11-19  |x Ubicación 4to Piso  |y BK  |z Estos recursos deben solicitarse con anticipación  |k DER